ბათუმის შოთა რუსთაველის სახელმწიფო უნივერსიტეტის ბიბლიოთეკა

გემის ელექტროენერგეტიკული სისტემები (ბიბ.ჩანაწერი № 35750)

000 -LEADER
fixed length control field 00807nam a2200229Ia 4500
001 - CONTROL NUMBER
control field 1629
003 - CONTROL NUMBER IDENTIFIER
control field GE_BSU
008 - FIXED-LENGTH DATA ELEMENTS--GENERAL INFORMATION
fixed length control field 181216s||||||||xx |||||||||||||| ||und||
020 ## - INTERNATIONAL STANDARD BOOK NUMBER
International Standard Book Number 9789941412523
040 ## - CATALOGING SOURCE
Transcribing agency GE_BSU
080 ## - UNIVERSAL DECIMAL CLASSIFICATION NUMBER
Universal Decimal Classification number 629.5.082.3
100 ## - MAIN ENTRY--PERSONAL NAME
Personal name მელქაძე, თამაზ
245 ## - TITLE STATEMENT
Title გემის ელექტროენერგეტიკული სისტემები
245 ## - TITLE STATEMENT
Statement of responsibility, etc. რედ. როლანდ რიჩროვი
260 ## - PUBLICATION, DISTRIBUTION, ETC.
Place of publication, distribution, etc. ბათუმი
260 ## - PUBLICATION, DISTRIBUTION, ETC.
Name of publisher, distributor, etc. შოთა რუსთაველის სახ. უნ–ტი
260 ## - PUBLICATION, DISTRIBUTION, ETC.
Date of publication, distribution, etc. 2011
300 ## - PHYSICAL DESCRIPTION
Extent 184 გვ.19 სმ.
653 ## - INDEX TERM--UNCONTROLLED
Uncontrolled term გემის ელექტროენერგეტიკული სისტემები
942 ## - ADDED ENTRY ELEMENTS (KOHA)
Koha item type წიგნი
ეგზემპლარები
Withdrawn status Lost status Damaged status Not for loan Date acquired Barcode Date last seen Price effective from Koha item type Public note
        2018-12-17 3077 2018-12-17 2018-12-17 წიგნი საცავი
        2018-12-17 3078 2018-12-17 2018-12-17 წიგნი საცავი
        2018-12-17 3079 2018-12-17 2018-12-17 წიგნი საცავი
        2018-12-17 3080 2018-12-17 2018-12-17 წიგნი საცავი
        2018-12-17 3081 2018-12-17 2018-12-17 წიგნი საცავი